Carlos Lindenberg: (Registro n. 655)

Detalhes MARC
000 -LÍDER
campo de controle de tamanho fixo 01063nam a22002777a 4500
003 - IDENTIFICADOR DO NÚMERO DE CONTROLE
campo de controle BR-ViAPE
005 - DATA E HORÁRIO DA ÚLTIMA TRANSAÇÃO
campo de controle 20260603114713.0
008 - CAMPO DE DADOS FIXOS--INFORMAÇÃO GERAL
campo de controle de tamanho fixo 260513b porco||gs|||| 00| 0 por d
020 ## - ISBN - INTERNATIONAL STANDARD BOOK NUMBER
Informação qualificadora 978-85-98928-06-7
040 ## - FONTE DA CATALOGAÇÃO
Instituição que transcreveu o registro BR-ViAPE
100 ## - ENTRADA PRINCIPAL--NOME PESSOAL
Nome pessoal Almeida, Amylton de
245 ## - TÍTULO
Título Carlos Lindenberg:
Restante do título um estadista e seu tempo
260 ## - PUBLICAÇÃO, DISTRIBUIÇÃO, ETC.
Local de publicação, distribuição, etc. Vitória
Nome do editor, distribuidor, etc. Arquivo Público do Estado do Espírito Santo
Data da publicação, distribuição, etc. 2010
300 ## - DESCRIÇÃO FÍSICA
Extensão 504 p.
Outros detalhes físicos il.
300 ## - DESCRIÇÃO FÍSICA
Outros detalhes físicos Livro disponível em PDF
490 ## - TÍTULO DA SÉRIE
Título da série Coleção Canaã
Número do volume ou designação sequencial da série v. 11
500 ## - NOTA GERAL
Nota geral Obra disponibilizada em PDF por integrar a Coleção Canaã do APEES.
600 ## - ENTRADA DE ASSUNTO--NOME PESSOAL
Nome pessoal Lindenberg, Carlos Fernando Monteiro
650 ## - ASSUNTO--TERMO TÓPICO
Cabeçalho tópico ou nome geográfico Biografia
Subdivisão geral História
Subdivisão geográfica Espírito Santo (Brasil)
651 ## - ASSUNTO—LOCAIS GEOGRÁFICOS E HISTÓRICOS
Nome geográfico Espírito Santo (Brasil)
700 ## - ENTRADA ADICIONADA - NOME PESSOAL
Nome pessoal Santos, Estilaque Ferreira dos
Função do autor por extenso organizador
700 ## - ENTRADA ADICIONADA - NOME PESSOAL
Nome pessoal Achiamé, Fernando
Função do autor por extenso organizador
710 ## - ENTRADA ADICIONADA - NOME DA EMPRESA
Nome corporativo ou nome da jurisdição Arquivo Público do Estado do Espírito Santo
856 ## - LOCALIZAÇÃO ELETRÔNICA E ACESSO
Uniform Resource Identifier <a href="https://ape.es.gov.br/Media/ape/PDF/Livros/Livro_Carlos_Lindenberg.pdf">https://ape.es.gov.br/Media/ape/PDF/Livros/Livro_Carlos_Lindenberg.pdf</a>
Texto de ligação CLIQUE AQUI PARA ACESSAR O DOCUMENTO
942 ## - ELEMENTOS DE ENTRADA ADICIONADOS (KOHA)
Fonte da classificação ou esquema de arquivamento na estante Dewey Decimal Classification
Tipo de material Koha Livros
Ocultar no OPAC Yes
Exemplares
Status de descarte Fonte da classificação ou esquema de arquivamento na estante Status físico Não pode ser emprestado Biblioteca de origem Biblioteca atual Data de aquisição Total de empréstimos Data de último acesso Preço efetivo de Tipo de material Koha
  Dewey Decimal Classification     Biblioteca do Arquivo Público do Estado do Espírito Santo Biblioteca do Arquivo Público do Estado do Espírito Santo 05/13/2026   05/13/2026 05/13/2026 Obras Raras